Country Nicknames - Statistics

General Stats
  • This quiz has been taken 27 times
  • The average score is 6 of 20
Answer Stats
Nickname Country % Correct
The Emerald Isle Ireland
92%
Land of Fire and Ice Iceland
72%
The Bread Basket of Europe Ukraine
72%
L'hexagone France
68%
Graveyard of Empires Afghanistan
60%
The Land of the Long White Cloud New Zealand
52%
The Pearl of the Orient Seas Philippines
48%
The Sunny Side of the Alps Slovenia
48%
Land of the Thunder Dragon Bhutan
32%
The Emerald of the Equator Indonesia
24%
The Kingdom in the Sky Lesotho
20%
Land of the Blue Sky Mongolia
16%
Land of the Morning Clam South Korea
16%
Pindorama (Land of the Palms) Brazil
8%
Land of Poets Chile
8%
Land of the Upright Men Burkina Faso
4%
The Island Surrounded by Land Paraguay
4%
Land of Grace Venezuela
4%
Land of Many Waters Guyana
0%
Land of a Thousand Hills Rwanda
0%
No matching quizzes found
Score Distribution
Percent of People with Each Score
Percentile by Number Answered
Your Score History
You have not taken this quiz